Walki Armii Czerwonej w delcie Wisły
| Titel: | Walki Armii Czerwonej w delcie Wisły : styczeń-maj 1945 / Tomasz Gliniecki |
|---|---|
| Verfasser: | |
| Veröffentlicht: |
Gdynia : Wydawnictwo Region Jarosław Ellwart, 2019 Sztutowo : Muzeum Stutthof w Sztutowie, 2019 |
| Umfang: | 222 Seiten : Illustrationen, Karten ; 24 cm |
| Format: | Buch |
| Sprache: | Polnisch |
| ISBN: | 9788375916645 ; 9788395188619 |
| Hinweise zum Inhalt: |
Inhaltsverzeichnis
Literaturverzeichnis Register // Personenregister Abstract |
alg: 51646585 001A $03025:21-03-24 001B $03025:21-03-24 $t14:22:24.000 001D $03025:21-03-24 001U $0utf8 001X $00 002@ $0Aax 002C $aText $btxt $2rdacontent 002D $aohne Hilfsmittel zu benutzen $bn $2rdamedia 002E $aBand $bnc $2rdacarrier 003@ $0516465856 004A $A978-83-7591-664-5 004A $A978-83-951886-1-9 006C $01120144497 $aOCoLC 007A $0BV046152480 $aBVB 009P $qapplication/pdf $3Inhaltsverzeichnis $uhttp://bvbr.bib-bvb.de:8991/F?func=service&doc_library=BVB01&local_base=BVB01&doc_number=031532578&sequence=000001&line_number=0001&func_code=DB_RECORDS&service_type=MEDIA $mDigitalisierung BSB München 25 - ADAM Catalogue Enrichment 009P $qapplication/pdf $3Literaturverzeichnis $uhttp://bvbr.bib-bvb.de:8991/F?func=service&doc_library=BVB01&local_base=BVB01&doc_number=031532578&sequence=000003&line_number=0002&func_code=DB_RECORDS&service_type=MEDIA $mDigitalisierung BSB München 25 - ADAM Catalogue Enrichment 009P $qapplication/pdf $3Register // Personenregister $uhttp://bvbr.bib-bvb.de:8991/F?func=service&doc_library=BVB01&local_base=BVB01&doc_number=031532578&sequence=000005&line_number=0003&func_code=DB_RECORDS&service_type=MEDIA $mDigitalisierung BSB München 25 - ADAM Catalogue Enrichment 009P $qapplication/pdf $3Abstract $uhttp://bvbr.bib-bvb.de:8991/F?func=service&doc_library=BVB01&local_base=BVB01&doc_number=031532578&sequence=000007&line_number=0004&func_code=DB_RECORDS&service_type=MEDIA $mDigitalisierung BSB München 25 - ADAM Catalogue Enrichment 010@ $apol 010E $erda 011@ $a2019 $n2019 021A $aWalki Armii Czerwonej w delcie Wisły $dstyczeń-maj 1945 $hTomasz Gliniecki 028A $BVerfasser $4aut $71166669793 $8Gliniecki, Tomasz$Z1967- [Tp3] $9436507706 033A $pGdynia $nWydawnictwo Region Jarosław Ellwart 033A $pSztutowo $nMuzeum Stutthof w Sztutowie 034D $a222 Seiten 034I $a24 cm 034M $aIllustrationen, Karten 044A $aZwiązek Radziecki / Raboče-Krestʹânskaâ Krasnaâ Armiâ $S#2 $N653 044A $aWojna światowa (1939-1945) / kampanie i bitwy / Polska / Żuławy Wiślane (region) $S#0 $N653 044K $qBVB $#Weichseldelta $#Zuławy Wiślane $#Weichselwerder $#Weichsel-Nogat-Delta $74079106-3 $8Weichsel-Nogat-Niederung [Tg1] $9085224448 044K $qBVB $RRossijskaja Social'-Demokratičeskaja Rabočaja Partija (Bol'ševikov) $RRussische SFSR $RSowjetunion $#Raboče-Krestʹjanskaja Krasnaja Armija Sowjetunion $#Sowjetunion, Krasnaja Armija $#Krasnaja Armija Sowjetunion $#Sowjetunion, Red Army $#Red Army Sowjetunion $#Sowjetunion, Armée rouge $#Armée rouge Sowjetunion $#Sowjetunion, Rote Armee $#Rote Armee Sowjetunion $#RKKA SSSR $7130443-4 $8Sowjetunion$bRaboče-Krestʹjanskaja Krasnaja Armija [Tb1] $9040793427 045F $a355.00943809044 $eDDC22BSB 045F/01 $a355.009 045F/03 $f09044 045F/03 $g438 045F/03 $g478 045R $aGeschichte 1945 045T $aOST $qDE-12 $2FID 046L $aEnglische Zusammenfassung lok: 51646585 78 exp: 51646585 78 1 #EPN 201B/01 $021-03-24 $t14:22:24.000 201C/01 $021-03-24 201U/01 $0utf8 203@/01 $0125851138X 208@/01 $a21-03-24 $be 209A/01 $a/ $f000 $x00 209A/01 $ab*p $x01 220C/01 $apgar 244Z/01 $#Generalgouvernement Polen $#Polska $#Rzeczpospolita Polska $#Polska Rzeczpospolita Ludowa $#Poland $#Pologne $#République Polonaise $#Generalne Gubernatorstwo w Polsce $#Polish People's Republic $#Polska Rzeczpospolita Polen $#PRL $#RP $#Polen Generalgouvernement $#Polska Generalgouvernement $#Besetzte Polnische Gebiete $#Besetztes Gebiet in Polen $#Okupowane Polskie Obszary $#Obszary Okupowane w Polsce $#Volksrepublik Polen $#Polska Rosyjska $#Republic Polen $#Respublika Pol'ša $#Pol'skaja Narodnaja Respublika $#République de Pologne $#Polen Links der Weichsel $#Polska po Lewej Stronie Wisły $#Lenkija $#Polija $#Gubernija Carstva Pol'skago $#Republik Polen $74046496-9 $8--Tg1--Polen $x01 $9085129801 244Z/01 $#Preußen $#Preußen $#Brandenburg-Preußen $#Königreich Preußen $#Preußische Staaten $#Preußischer Staat $#Der @Preußische Staat $#Königlich Preußische Staaten $#Prusy Królewskie $#Königlich Preußen $#Prussia $74047194-9 $8--Tg1--Preußen $x06 $9085131652 247C/01 $82080>Marburg/Lahn, Herder-Institut, Forschungsbibliothek, Bibliographieportal $9336309341
| LEADER | 00000nam a22000002c 4500 | ||
|---|---|---|---|
| 001 | 516465856 | ||
| 003 | DE-603 | ||
| 005 | 20240321142224.0 | ||
| 007 | tu | ||
| 008 | 240321s2019 xx |||| | u00||u|pol c | ||
| 020 | |a 9788375916645 | ||
| 020 | |a 9788395188619 | ||
| 035 | |a (DE-599)BVBBV046152480 | ||
| 040 | |a DE-603 |b ger |c DE-603 |d DE-603 |e rda | ||
| 041 | |a pol | ||
| 082 | 0 | 4 | |8 1\u |a 355.00943809044 |q DE-101 |2 22/BSB |
| 084 | |a OST |q DE-12 |2 fid | ||
| 085 | |8 1\u |b 355.009 | ||
| 085 | |8 1\u |z 1 |s 09044 | ||
| 085 | |8 1\u |z 2 |s 438 | ||
| 085 | |8 1\u |z 2 |s 478 | ||
| 100 | 1 | |a Gliniecki, Tomasz |d 1967- |e Verfasser |4 aut |0 (DE-603)436507706 |0 (DE-588)1166669793 |2 gnd | |
| 245 | 0 | 0 | |a Walki Armii Czerwonej w delcie Wisły |b styczeń-maj 1945 |c Tomasz Gliniecki |
| 264 | 1 | |a Gdynia |b Wydawnictwo Region Jarosław Ellwart |c 2019 | |
| 264 | 1 | |a Sztutowo |b Muzeum Stutthof w Sztutowie |c 2019 | |
| 300 | |a 222 Seiten |b Illustrationen, Karten |c 24 cm | ||
| 336 | |a Text |b txt |2 rdacontent | ||
| 337 | |a ohne Hilfsmittel zu benutzen |b n |2 rdamedia | ||
| 338 | |a Band |b nc |2 rdacarrier | ||
| 546 | |a Englische Zusammenfassung | ||
| 610 | 1 | 7 | |a Sowjetunion |b Raboče-Krestʹjanskaja Krasnaja Armija |2 gnd |0 (DE-588)130443-4 |0 (DE-603)040793427 |
| 648 | 7 | |a Geschichte 1945 |2 gnd | |
| 651 | 7 | |a Weichsel-Nogat-Niederung |0 (DE-588)4079106-3 |0 (DE-603)085224448 |2 gnd | |
| 856 | 4 | 2 | |m Digitalisierung BSB München 25 - ADAM Catalogue Enrichment |q application/pdf |u http://bvbr.bib-bvb.de:8991/F?func=service&doc_library=BVB01&local_base=BVB01&doc_number=031532578&sequence=000001&line_number=0001&func_code=DB_RECORDS&service_type=MEDIA |3 Inhaltsverzeichnis |
| 856 | 4 | 2 | |m Digitalisierung BSB München 25 - ADAM Catalogue Enrichment |q application/pdf |u http://bvbr.bib-bvb.de:8991/F?func=service&doc_library=BVB01&local_base=BVB01&doc_number=031532578&sequence=000003&line_number=0002&func_code=DB_RECORDS&service_type=MEDIA |3 Literaturverzeichnis |
| 856 | 4 | 2 | |m Digitalisierung BSB München 25 - ADAM Catalogue Enrichment |q application/pdf |u http://bvbr.bib-bvb.de:8991/F?func=service&doc_library=BVB01&local_base=BVB01&doc_number=031532578&sequence=000005&line_number=0003&func_code=DB_RECORDS&service_type=MEDIA |3 Register // Personenregister |
| 856 | 4 | 2 | |m Digitalisierung BSB München 25 - ADAM Catalogue Enrichment |q application/pdf |u http://bvbr.bib-bvb.de:8991/F?func=service&doc_library=BVB01&local_base=BVB01&doc_number=031532578&sequence=000007&line_number=0004&func_code=DB_RECORDS&service_type=MEDIA |3 Abstract |
| 924 | 0 | |9 2080 |a (DE-603)125851138X |b DE-2080 |c HES |d d |g / | |


